000 00324cam a2200133ua 4500
041 _aeng
_h
082 _a823.301
_bOXF/SE
100 _aOxford university , .
245 _a228 selected english short stories
260 _a :
_bOxford university press ,
_c1963.
300 _a470 ; .
504 _a
999 _c11668
_d11668